| 000 -LEADER |
| fixed length control field |
00544nam a22001937a 4500 |
| 005 - DATE AND TIME OF LATEST TRANSACTION |
| control field |
20230502081309.0 |
| 008 - FIXED-LENGTH DATA ELEMENTS--GENERAL INFORMATION |
| fixed length control field |
230502b ||||| |||| 00| 0 eng d |
| 020 ## - INTERNATIONAL STANDARD BOOK NUMBER |
| International Standard Book Number |
9781484756652 |
| 040 ## - CATALOGING SOURCE |
| Transcribing agency |
KH8 |
| 082 ## - DEWEY DECIMAL CLASSIFICATION NUMBER |
| Classification number |
115 CAN |
| 100 ## - MAIN ENTRY--PERSONAL NAME |
| Personal name |
Candau, Brittany |
| Relator term |
Author |
| 245 ## - TITLE STATEMENT |
| Title |
Sadness: |
| Remainder of title |
Disney Pixar Inside Out / |
| Statement of responsibility, etc. |
Brittany Candau |
| 260 ## - PUBLICATION, DISTRIBUTION, ETC. |
| Place of publication, distribution, etc. |
Los Angeles |
| Name of publisher, distributor, etc. |
Disney Press |
| Date of publication, distribution, etc. |
2015 |
| 300 ## - PHYSICAL DESCRIPTION |
| Extent |
12 p. |
| Other physical details |
Col. Ill ; |
| Dimensions |
24cm |
| 650 ## - SUBJECT ADDED ENTRY--TOPICAL TERM |
| Topical term or geographic name entry element |
children's stories |
| 650 ## - SUBJECT ADDED ENTRY--TOPICAL TERM |
| Topical term or geographic name entry element |
sadness |
| 700 ## - ADDED ENTRY--PERSONAL NAME |
| Personal name |
Jerrod Mayurama |
| Relator term |
illustrator |
| 942 ## - ADDED ENTRY ELEMENTS (KOHA) |
| Source of classification or shelving scheme |
|
| Koha item type |
Books - Non Ficton |